000 01227cab a2200265 4500
001 ABS49313
008 090401t1993 xxu||||| |||| 00| 0 eng d
035 _a(Sirsi) u70873
041 _aeng
245 _aNorthern Metco Estates Ltd v Perth and Kinross DC
260 _c1993
350 _a0
490 _aScots Law Times
_v1993 SLT (Land Tr.), 28-38(11)
520 _aLTS 2 September 1993. Compulsory purchase - purchase. Disputed compensation - purchase notice served on P. Certificate of appropriate alternative development certifiying suitability for low intensivity leisure use with shop. Claimants valuing on basis of intense development for leisure and retail use, whether permissible in view of certificate and whether residual method of valuation appropriate.
650 _aCERTIFICATE OF APPROPRIATE ALTERNATIVE DEVELOPMENT
650 _aCOMPANIES ACT 1985
650 _aCompulsory purchase
_96228
650 _aLAND COMPENSATION (SCOTLAND) ACT 1963
650 _aLANDS TRIBUNAL FOR SCOTLAND
650 _aPLANNING ASSUMPTIONS
650 _aSCOTLAND
690 _aENVIRONMENTAL AND LAND CONSULTANCY-PLANNING AND DEVELOPMENT-COMPULSORY PURCHASE AND COMPENSATION
942 _n0
948 _c04/03/1997
999 _c44645
_d44645